El consumo del libro en torno a la Plaza de la Puerta del Sol (siglos XVI-XVIII) / (Record no. 67093)

MARC details
000 -LEADER
campo de control de longitud fija 00962nam a2200241 i 4500
001 - NÚMERO DE CONTROL
campo de control 67093
003 - IDENTIFICADOR DE NÚMERO DE CONTROL
campo de control ES-MaACL
005 - FECHA Y HORA DE LA ÚLTIMA TRANSACCIÓN
campo de control 20250825002913.0
007 - CAMPO FIJO DE DESCRIPCIÓN FÍSICA--INFORMACIÓN GENERAL
campo de control de longitud fija t|
008 - DATOS DE LONGITUD FIJA--INFORMACIÓN GENERAL
campo de control de longitud fija 040505s2000 sp |||| | spa d
080 ## - NÚMERO DE LA CLASIFICACIÓN DECIMAL UNIVERSAL
Número de la Clasificación Decimal Universal 655.4(460.27 M.)"15/17"
100 1# - ENTRADA PRINCIPAL--NOMBRE DE PERSONA
Nombre de persona Prieto Bernabé, José Manuel.
9 (RLIN) 93914
245 13 - MENCIÓN DEL TÍTULO
Título El consumo del libro en torno a la Plaza de la Puerta del Sol (siglos XVI-XVIII) /
Mención de responsabilidad, etc. por José Manuel Prieto Bernabé.
260 ## - PUBLICACIÓN, DISTRIBUCIÓN, ETC.
Lugar de publicación, distribución, etc. Madrid :
Nombre del editor, distribuidor, etc. Ayuntamiento, Primera Tenencia de Alcaldía :
-- Instituto de Estudios Madrileños,
Fecha de publicación, distribución, etc. 2000.
300 ## - DESCRIPCIÓN FÍSICA
Extensión 32 p. ;
Dimensiones 21 cm.
490 1# - MENCIÓN DE SERIE
Mención de serie Ciclo de conferencias: La Plaza de la Puerta del Sol ;
Designación de volumen o secuencia 13
594 ## - Nota al título y mención de responsabilidad
Nota al título y mención de responsabilidad Precede al tít.: Centro Mesonero Romanos.
650 17 - PUNTO DE ACCESO ADICIONAL DE MATERIA--TÉRMINO DE MATERIA
Término de materia o nombre geográfico como elemento de entrada Libros-
Subdivisión general Comercio-
Subdivisión geográfica Madrid
Fuente del encabezamiento o término
9 (RLIN) 163412
710 2# - ENTRADA AGREGADA--NOMBRE DE ENTIDAD CORPORATIVA
Nombre de entidad corporativa o nombre de jurisdicción como elemento de entrada Instituto de Estudios Madrileños
9 (RLIN) 4916
830 0# - PUNTO DE ACCESO ADICIONAL DE SERIE-TÍTULO UNIFORME
Título uniforme Ciclo de conferencias: La Plaza de la Puerta del Sol ;
Designación de volumen o secuencia 13
9 (RLIN) 183085
852 ## - LOCALIZACIÓN
Ubicación ES-MaACL
Número de control de estantería 2173-F-9
Holdings
Estatus retirado Estado de pérdida Estado de daño No para préstamo Colección Biblioteca de origen Biblioteca actual Ubicación en estantería Fecha de adquisición Fuente de adquisición Total de préstamos Signatura topográfica completa Código de barras Visto por última vez Precio de reemplazo Tipo de ítem Koha
        Colección de folletos Biblioteca del Ateneo de Madrid Biblioteca del Ateneo de Madrid Depósito folletos 17/01/2008     2173-F-9 1070268 23/02/2023 23/02/2023 Folleto